00487nam a2200157Ia 4500008004100000020001400041082001400055100001900069245007100088250000700159260004500166300002800211500001900239600002100258650005000279240925s9999 xx 000 0 und d a137277288 a005.3 COL aColeman, David 0aGroupware Collaborative Stratagies for Corporat LANs and Internets aNA aNew Jersey:bPrintice- Hall Int.c,1997. axix,378p.bNAfOriginal aIncludes Index aComputer Science aComputer science, information & general works